| 000 | 00886nam a22003370a 4500 | ||
|---|---|---|---|
| 001 | PT30327 | ||
| 003 | AR-LpoUNG | ||
| 005 | 20210131233621.0 | ||
| 008 | 191001s1986||||ag |||||||||||||||||spa d | ||
| 020 |
_a95000249X _c$100 |
||
| 040 |
_aAR-LpoUNG _bspa _cAR-LpoUNG _eaacr |
||
| 041 | _aspa | ||
| 044 | _aag | ||
| 082 | 0 | _a982 229bro | |
| 100 | 1 | _aBárbaro, Julio | |
| 245 | 1 | 0 |
_aCon bronca y esperanza : _bdiálogos con Mona Moncalvillo |
| 250 | _a1§ edición | ||
| 260 |
_aBuenos Aires : _bEl Cid, _cabril 1986. |
||
| 300 |
_a224 p. : _btbls., gráfs. |
||
| 650 | 4 | _aARGENTINA | |
| 650 | 4 | _aDESARROLLO POLITICO | |
| 650 | 4 | _aDICTADURA | |
| 650 | 4 | _aGOLPES DE ESTADO | |
| 650 | 4 | _aHISTORIA | |
| 650 | 4 | _aINVESTIGACION ECONOMICA | |
| 650 | 4 | _aINVESTIGACION POLITICA | |
| 650 | 4 | _aPENSAMIENTO POLITICO | |
| 650 | 4 | _aPOBLACION | |
| 905 | _a30327 | ||
| 942 | _cLIB | ||
| 999 |
_c21726 _d21726 |
||